000 00725nam a2200193Ii 4500
003 JO-AjNU
008 230605s9999||||xx |||||||||||||| ||und||
040 _aJO-AjNU
_bara
_erda
_cJO-AjNU
041 _aara
050 1 4 _aQA445.S535 2014
100 3 _aزعموط ، محمود صالح، م مشارك صالح علوي عقيل ,
_eauthor
_951087
245 0 0 _aالمرجع في علم التحريك الهندسي =the reference in Engineering Dynamics
264 3 1 _aعمان:دار الشروق ، 2004
300 _a250ص
336 _atext
_btxt
_2rdacontent
337 _aunmediated
_bn
_2rdamedia
338 _avolume
_bnc
_2rdacarrier
650 4 _aالديناميكا-الهندسة الميكانيكة
_951088
999 _aA22544
_c26112
_d26112